| 000 | 00897nam a22002537a 4500 | ||
|---|---|---|---|
| 999 |
_c9610 _d9610 |
||
| 003 | AR-CdUCM | ||
| 008 | 190328b ||||| |||| 00| 0 spa d | ||
| 040 |
_aMUNICIPALIDAD PROVINCIAL DEL CUSCO _cBIBLIOTECA MUNICIPAL DEL CUSCO |
||
| 041 | _hfr | ||
| 082 |
_a848.85 / _bG27H / 1960 |
||
| 100 |
_aGautier, Teofilo _913715 |
||
| 245 |
_aHistoria del romanticismo / _bRecuerdos románticos y los progresos de la poesía francesa des 1830 / |
||
| 260 |
_aBarcelona : _bIberia, _c1960. |
||
| 300 |
_a247 paginas ; _c19 cm. |
||
| 500 | _aObras Maestras | ||
| 505 | _aContenido:Historia del romanticismo --Recuerdos romanticos --Los progresos de la poesía francesa desde 1830 | ||
| 650 |
_aHistoria _9136 |
||
| 650 |
_aProcesos _98713 |
||
| 650 |
_aRomanticismos _925931 |
||
| 650 |
_aPoesia _91598 |
||
| 700 |
_aJavier Nuñez de Prado (traductor) _913717 |
||
| 942 |
_2ddc _cLIBROS |
||
| 945 | _apjha | ||